Hiểu và sử dụng thị trường chứng khoán

Sách trình bày tổng quan về thị trường chứng khoán, các loại thị trường trong nền kinh tế hiện đại, sở giao dịch chứng khoán cùng các ngân hàng, các tổ chức tài chính trung gian, doanh nghiệp và thị trường chứng khoán....

Celý popis

Uloženo v:
Podrobná bibliografie
Hlavní autor: Lê Văn Tư
Médium: Kniha
Jazyk:Undetermined
Vydáno: Tp. HCM Thống Kê 1999
Témata:
Tagy: Přidat tag
Žádné tagy, Buďte první, kdo otaguje tento záznam!
Thư viện lưu trữ: Trung tâm Học liệu Trường Đại học Cần Thơ
LEADER 00850nam a2200181Ia 4500
001 CTU_35622
008 210402s9999 xx 000 0 und d
082 |a 332.642 
082 |b T550/1999 
100 |a Lê Văn Tư 
245 0 |a Hiểu và sử dụng thị trường chứng khoán 
245 0 |c Lê Văn Tư, Lê Tùng Vân 
260 |a Tp. HCM 
260 |b Thống Kê 
260 |c 1999 
520 |a Sách trình bày tổng quan về thị trường chứng khoán, các loại thị trường trong nền kinh tế hiện đại, sở giao dịch chứng khoán cùng các ngân hàng, các tổ chức tài chính trung gian, doanh nghiệp và thị trường chứng khoán. 
650 |a stock exchanges 
980 |a Trung tâm Học liệu Trường Đại học Cần Thơ